Hướng dẫn sử dụng Microsoft Excel Visual Basic for application : Version 5 for Windows

Cuốn sách hướng dẫn về các macro dành cho Excel và cách sử dụng tốt hơn các phần mềm xử lí bảng tính của Excel bằng ngôn ngữ Visual Basic.

Đã lưu trong:
書目詳細資料
主要作者: Jacobson, Reed
格式: 圖書
語言:Undetermined
出版: Tp. HCM Trẻ 2000
主題:
標簽: 添加標簽
沒有標簽, 成為第一個標記此記錄!
Thư viện lưu trữ: Trung tâm Học liệu Trường Đại học Cần Thơ
LEADER 00982nam a2200217Ia 4500
001 CTU_38348
008 210402s9999 xx 000 0 und d
020 |c 25000 
082 |a 005.15 
082 |b J17 
100 |a Jacobson, Reed 
245 0 |a Hướng dẫn sử dụng Microsoft Excel Visual Basic for application : 
245 0 |b Version 5 for Windows 
245 0 |c Reed Jacobson ; Biên dịch: Trí Hạnh 
260 |a Tp. HCM 
260 |b Trẻ 
260 |c 2000 
520 |a Cuốn sách hướng dẫn về các macro dành cho Excel và cách sử dụng tốt hơn các phần mềm xử lí bảng tính của Excel bằng ngôn ngữ Visual Basic. 
650 |a Visual Basic (computer program language),Visual Basic (Ngôn ngữ lập trình máy tính),Excel (Phần mềm máy tính),Excel (computer solfware) 
904 |i Trọng Hiếu 
980 |a Trung tâm Học liệu Trường Đại học Cần Thơ